| 000 | 00918nam a22001577a 4500 | ||
|---|---|---|---|
| 003 | OSt | ||
| 005 | 20151214110848.0 | ||
| 008 | 151214b xxu||||| |||| 00| 0 eng d | ||
| 040 | _cRUA | ||
| 082 | _aAED NEO 2004 B216 Or.1 | ||
| 100 |
_94822 _aNEOU, RATMONY. |
||
| 245 | _aStudy of integrated rural development program project through the empowerment of organization lutheran-cambodia in thpong district, kampong sper province (ការសិក្សាអំពីគំរោងកម្មវិធីអភិវឌ្ឍន៏ជនបទចំរុះតាមរយះការផ្ដល់សិទ្ធអំណាចរបស់អង្កការលូថេរ៉ានបំរើពិភពលោកនៅកម្ពុជានៅស្រុកថ្ពងខេត្តកំពង់ស្ពឺ) | ||
| 260 |
_aPhnom Penh _bRUA _c2004 |
||
| 300 |
_axii, 57p. _bill. _c29cm. |
||
| 942 |
_2ddc _cAED |
||
| 999 |
_c4487 _d4487 |
||